000 01304nam a2200241 a 4500
001 000022310
005 20200930011659.0
008 100927s1944 dr r 000 0 fre d
040 _aDO-SdBNP
_bspa
_cBNPHU
082 _a972.93
_bD637e
245 0 0 _aDocumentos y estudios históricos /
_cedición del gobierno dominicano.
260 _aCiudad Trujillo, República Dominicana :
_bLa Nación,
_c1944.
300 _a4 v. en 5 :
_bil., maps. ;
_c23 cm.
490 1 _aTrujillo
_v13-16
490 1 _aSerie 3
_v1-4
500 _aLa biblioteca posee v. 2
500 _aIncluye referencias bibliográficas y notas al pie de las páginas
505 0 _gv.1.
_tRecopilación diplomática relativa a las colonias española y francesa de la isla de Santo Domingo, 1640-1701--
_gv.2.
_tCorrespondencia de Levasseur y de otros agentes de Francia, relativa a la proclamación de la República Dominicana, 1843-1844.--
_gv.3.
_tReconstrucción financiera de la República Dominicana. t. 1. Antecedentes (1903-1930). t. 2. La solución (1930-1940) --
_gv.4.
_tHistoria de la división territorial, 1494-1943, por Vincente Tolentino Rojas.
590 _aInventariado, 2018/ YL
651 4 _aRepública Dominicana
_xHistoria
_9170
830 0 _aTrujillo
_v13-16
_pSerie
_n1-4
_946073
910 _aValidado. Control de calidad MFF
999 _c21808
_d21808